000 00562pam a2200205 a 4500
020 _c
040 _aMedical College Lib.
041 _aENG
_hENG
082 _a614
_bWHO
100 _aBindari - Hammod, A.E. .
245 _aPrimary Health Care Reviews /
_c
_hTextual Documents
260 _aGeneva :
_bW.H.O. ,
_c1992.
300 _a1186 ;
_c
365 _asw fr = 28=00
653 _aMedical Science
_aPreventive and Social Medicine
700 _aSmith, D.L. .
930 _a5215
999 _c5214
_d5214